Normal view
MARC view
Entry Meeting Name
001 - CONTROL NUMBER
- control field: 15621
003 - CONTROL NUMBER IDENTIFIER
- control field: OSt
005 - DATE AND TIME OF LATEST TRANSACTION
- control field: 20211105133937.0
008 - FIXED-LENGTH DATA ELEMENTS
- fixed length control field: 211105|| aca||aabn | a|a d
040 ## - CATALOGING SOURCE
- Original cataloging agency: OSt
- Transcribing agency: OSt
111 ## - HEADING--MEETING NAME
- Meeting name or jurisdiction name as entry element: Workshop on Low Frequency Radio Astronomy
- Location of meeting: National Radio Astronomy Observatory, Green Bank, West Virginia
- Date of meeting or treaty signing: 1984 Nov. 16-17
670 ## - SOURCE DATA FOUND
- Source citation: Work cat.: (OSt): Erickson, W. C. 15620, Low frequency radio astronomy, 1986